Atlas : (Record no. 353984)

000 -LEADER
fixed length control field 01973nam a2200277 a 4500
001 - CONTROL NUMBER
control field ASIN1907317392
003 - CONTROL NUMBER IDENTIFIER
control field OSt
005 - DATE AND TIME OF LATEST TRANSACTION
control field 20180116192423.0
008 - FIXED-LENGTH DATA ELEMENTS--GENERAL INFORMATION
fixed length control field 140714s2012 xxu eng d
020 ## - INTERNATIONAL STANDARD BOOK NUMBER
International Standard Book Number 1907317392 (paperback)
Terms of availability $29.95
020 ## - INTERNATIONAL STANDARD BOOK NUMBER
International Standard Book Number 9781907317392 (paperback)
040 ## - CATALOGING SOURCE
Transcribing agency sada
050 04 - LIBRARY OF CONGRESS CALL NUMBER
Classification number GF50
082 04 - DEWEY DECIMAL CLASSIFICATION NUMBER
Classification number 304.2
245 00 - TITLE STATEMENT
Title Atlas :
Remainder of title geography, architecture and change in an interdependent world /
Statement of responsibility, etc. edited by renata Tyszczuk and Melissa Butcher.
260 ## - PUBLICATION, DISTRIBUTION, ETC.
Place of publication, distribution, etc. London. :
Name of publisher, distributor, etc. Black Dog Architecture,
Date of publication, distribution, etc. 2012.
300 ## - PHYSICAL DESCRIPTION
Extent 160 p. ;
Dimensions 26 cm.
520 ## - SUMMARY, ETC.
Summary, etc. Atlas: Geography, Architecture and Change in an Interdependent World helps readers find their way through the practical and ethical challenges presented by globalisation and global environmental change. Atlas: Geography, Architecture and Change in an Interdependent World combines recent thinking on human geography and architecture on global environmental change issues, setting out to develop a reinterpretation of cartography and a reframing of sustainability. The aim is to find a "re-drawing of the earth" and the "making of new maps". With a focus on the growth and remaking of cities it offers an innovative mix of essays and shorter texts, original artworks and distinctive re-mappings. The Atlas arises out of a unique collaboration between scholars and practitioners from architecture and human geography. The project is in collaboration with the Open Space Research Centre at The Open University and is a collaboration between academics from the Geography discipline OU, the School of Architecture, University of Sheffield and researchers at the New Economics Foundation.
650 #0 - SUBJECT ADDED ENTRY--TOPICAL TERM
Topical term or geographic name entry element Architecture
9 (RLIN) 7664
650 #0 - SUBJECT ADDED ENTRY--TOPICAL TERM
Topical term or geographic name entry element Globalization
9 (RLIN) 7665
650 #0 - SUBJECT ADDED ENTRY--TOPICAL TERM
Topical term or geographic name entry element Human geography
9 (RLIN) 7666
650 #0 - SUBJECT ADDED ENTRY--TOPICAL TERM
Topical term or geographic name entry element Sustainable development
9 (RLIN) 7667
700 1# - ADDED ENTRY--PERSONAL NAME
Personal name Butcher, Melissa.
9 (RLIN) 7668
856 40 - ELECTRONIC LOCATION AND ACCESS
Materials specified Amazon.com
Uniform Resource Identifier <a href="http://www.amazon.com/exec/obidos/ASIN/1907317392/chopaconline-20">http://www.amazon.com/exec/obidos/ASIN/1907317392/chopaconline-20</a>
942 ## - ADDED ENTRY ELEMENTS (KOHA)
Source of classification or shelving scheme
Koha item type Book
Holdings
Withdrawn status Lost status Source of classification or shelving scheme Damaged status Not for loan Permanent Location Current Location Date acquired Total Checkouts Full call number Barcode Date last seen Cost, replacement price Price effective from Koha item type
          School of Art Design and Architecture (SADA) School of Art Design and Architecture (SADA) 07/14/2014   304.2 ATL 2012 SADA0002350 01/05/2017 6802.48 01/05/2017 Book
© 2023 Central Library, National University of Sciences and Technology. All Rights Reserved.